MSZP mégsem lesz vonalbezárás : a minisztérium képviselőivel tárgyaltak a Csongrád megyei polgármesterek /
Elmentve itt :
| Szerző: | |
|---|---|
| Dokumentumtípus: | Cikk |
| Megjelent: |
2007-11-20
|
| Sorozat: | Délmagyarország
97 No. 270 |
| Kulcsszavak: | Szeged, Közlekedés vasúti közlekedés Újszeged - Mezőhegyes |
| Online Access: | http://dmarchiv.bibl.u-szeged.hu/139211 |
| LEADER | 00592nab a2200157 i 4500 | ||
|---|---|---|---|
| 001 | delm139211 | ||
| 005 | 20191216133142.0 | ||
| 008 | 191216s2007 hu o 0|| hun d | ||
| 040 | |a SZTE Délmagyarország Archívum |b hun | ||
| 041 | |a hun | ||
| 100 | 1 | |a Blahó Gabriella | |
| 245 | 1 | 0 | |a MSZP |h [elektronikus dokumentum] : |b mégsem lesz vonalbezárás : a minisztérium képviselőivel tárgyaltak a Csongrád megyei polgármesterek / |c Blahó Gabriella |
| 260 | |c 2007-11-20 | ||
| 300 | |a 3 | ||
| 490 | 0 | |a Délmagyarország |v 97 No. 270 | |
| 695 | |a Szeged, Közlekedés vasúti közlekedés Újszeged - Mezőhegyes | ||